| 000 | 00560nam a22001937a 4500 | ||
|---|---|---|---|
| 999 |
_c4437 _d4437 |
||
| 003 | AR-CdUCM | ||
| 008 | 190308b ||||| |||| 00| 0 spa d | ||
| 040 |
_aMUNICIPALIDAD PROVINCIAL DEL CUSCO _cBIBLIOTECA MUNICIPAL DEL CUSCO |
||
| 082 |
_a470.909 / _bS82 |
||
| 100 |
_aStloz, Friedrich _913967 |
||
| 245 | _aHistoria de la Lengua Latina / | ||
| 260 |
_aMadrid : _bGrijalbo S.A , _c1968. |
||
| 300 |
_a157 páginas ; _c17.5 cm. |
||
| 650 |
_aLinguistica _91640 |
||
| 650 |
_aLatin _913968 |
||
| 650 |
_aLenguas _913969 |
||
| 942 |
_2ddc _cLIBROS |
||
| 945 | _artm | ||